Woodwork theory / (Record no. 4023)

MARC details
000 -LEADER
fixed length control field 00473nam a2200193 4500
003 - CONTROL NUMBER IDENTIFIER
control field OSt
005 - DATE AND TIME OF LATEST TRANSACTION
control field 20160513163844.0
008 - FIXED-LENGTH DATA ELEMENTS--GENERAL INFORMATION
fixed length control field 160513b xxu||||| |||| 00| 0 eng d
020 ## - INTERNATIONAL STANDARD BOOK NUMBER
International Standard Book Number 0174443196
040 ## - CATALOGING SOURCE
Transcribing agency 040a
082 ## - DEWEY DECIMAL CLASSIFICATION NUMBER
Classification number 671
Item number LYE 1971
100 ## - MAIN ENTRY--PERSONAL NAME
Personal name Lye, P. F
9 (RLIN) 8782
245 ## - TITLE STATEMENT
Title Woodwork theory /
Statement of responsibility, etc. P. F Lye
250 ## - EDITION STATEMENT
Edition statement Metric ed.
260 ## - PUBLICATION, DISTRIBUTION, ETC. (IMPRINT)
Place of publication, distribution, etc. Cheltenham
Name of publisher, distributor, etc. Thomas Nelson
Date of publication, distribution, etc. 1971
300 ## - PHYSICAL DESCRIPTION
Extent 76p;
Other physical details ill :
Dimensions 10 cm
650 ## - SUBJECT ADDED ENTRY--TOPICAL TERM
Topical term or geographic name as entry element woodwork
9 (RLIN) 8783
942 ## - ADDED ENTRY ELEMENTS (KOHA)
Source of classification or shelving scheme Dewey Decimal Classification
Koha item type Short Loan
Holdings
Withdrawn status Lost status Source of classification or shelving scheme Damaged status Not for loan Home library Current library Date acquired Inventory number Total Checkouts Full call number Barcode Date last seen Price effective from Koha item type
    Dewey Decimal Classification     MUST Main Library MUST Main Library 13/05/2016 2003/19750   671 LYE 1971 2016-1882 13/05/2016 13/05/2016 Short Loan